000 00503nam a2200157 a 4500
001 BRCA_8828
005 20190320210428.0
008 050517s--------sp-#######---#000-0#spa-#
041 _aspa
084 _aBE209
245 1 0 _aSin portada
300 _a386 p. (t.2)
_c15.2 x 10.7 cm.
500 _aEstado físico: presenta encuadernación en pergamino con presencia del pez de plata, carece de portada, con anotaciones en su interior y le hace falta las primeras hojas
902 _aCFM
942 _2lcc
_cB
999 _c8479
_d8479